La vida pública (Record no. 177567)

MARC details
000 -LEADER
campo de control de longitud fija 00551nam a2200169 i 4500
001 - NÚMERO DE CONTROL
campo de control 177567
003 - IDENTIFICADOR DE NÚMERO DE CONTROL
campo de control ES-MaACL
005 - FECHA Y HORA DE LA ÚLTIMA TRANSACCIÓN
campo de control 20251014063252.0
008 - DATOS DE LONGITUD FIJA--INFORMACIÓN GENERAL
campo de control de longitud fija 110404s1885 sp |||| | spa d
080 ## - NÚMERO DE LA CLASIFICACIÓN DECIMAL UNIVERSAL
Número de la Clasificación Decimal Universal 821.134.2-22"18"
100 1# - ENTRADA PRINCIPAL--NOMBRE DE PERSONA
Nombre de persona Sellés, Eugenio,
Fechas asociadas al nombre 1842-1926
9 (RLIN) 145933
245 13 - MENCIÓN DEL TÍTULO
Título La vida pública
Resto del título : comedia en cuatro actos y en prosa /
Mención de responsabilidad, etc. original de Eugenio Sellés.
260 ## - PUBLICACIÓN, DISTRIBUCIÓN, ETC.
Lugar de publicación, distribución, etc. Madrid :
Nombre del editor, distribuidor, etc. [s.n.],
Fecha de publicación, distribución, etc. 1885 (
Fabricante Tip. de "El Globo")
300 ## - DESCRIPCIÓN FÍSICA
Extensión XXIV, 121 p. ;
Dimensiones 20 cm.
852 ## - LOCALIZACIÓN
Ubicación ES-MaACL
Número de control de estantería T-367-F-2
Holdings
Estatus retirado Estado de pérdida Estado de daño No para préstamo Colección Biblioteca de origen Biblioteca actual Ubicación en estantería Fecha de adquisición Fuente de adquisición Total de préstamos Signatura topográfica completa Código de barras Visto por última vez Precio de reemplazo Tipo de ítem Koha
        Colección de folletos Biblioteca del Ateneo de Madrid Biblioteca del Ateneo de Madrid Depósito folletos 04/04/2011     T-367-F-2 1186511 23/02/2023 23/02/2023 Folleto